| 000 | 00000nam 2200000za 4500 |
| 001 | 9.571512 |
| 003 | CaOODSP |
| 005 | 20220825092306 |
| 007 | cr ||||||||||| |
| 008 | 150406|1998||||xxc|||||o f|0| 0 eng d |
| 040 | |aCaOODSP|beng |
| 043 | |an-cn--- |
| 086 | 1 |aEn153-97/1998-5-1E-PDF |
| 110 | 2 |aSt. Lawrence Centre. |
| 245 | 10|aDisturbance of the wildlife of the St. Lawrence River |h[electronic resource] |
| 260 | |aMontreal - Quebec : |bEnvironment Canada. |c1998. |
| 300 | |a16p.|bcoloured maps, tables, photographs |
| 490 | 1 |aIssue - state of the St. Lawrence River |
| 500 | |aThe catalogue number (En153-97/1998-5-1E) and ISBN (0-662-26672-2) for the print edition have been incorrectly copied in this electronic publication. |
| 504 | |aBibliography. |
| 590 | |a11-17-Supp|b2011-09-12 |
| 690 | 07|aRivers|2gcpds |
| 690 | 07|aEcosystems|2gcpds |
| 690 | 07|aWater management|2gcpds |
| 775 | 08|tLe dérangement des espèces fauniques du Saint-Laurent |w(CaOODSP)9.602104 |
| 776 | 0#|tDisturbance of the wildlife of the St. Lawrence River |w(CaOODSP)9.614337 |
| 830 | #0|aIssue - state of the St. Lawrence River.|w(CaOODSP)9.506479 |
| 856 | 40|ahttp://publications.gc.ca|qPDF|s663 KB|uhttps://publications.gc.ca/collections/Collection/En153-97-1998-5-1E.pdf |